Missale Romanum ex decreto sacrosancti concilii Tridentini restitutum, s. Pii V. pontificis maximi jussu editum Clementis VIII. et Urbani VIII. auctoritate recognitum

Podrobná bibliografia
Korporatívny autor: Katolícka cirkev (Autor)
Médium: Kniha
Jazyk:latinčina
Fyzický popis:694 s. s rozličným stránkovaním 36 cm
Vydavateľské údaje: Vienna [Typ. Mechitharistica] 1862
Predmet:

MARC

LEADER 00000nam a2200000 a 4500
001 vtls001321429
003 SK-MaSNL
005 20260301005428.0
008 251124s1862 au 0 lat
020 |c 3.000,00 
035 |a SNK000274087 
040 |a SNK  |b slo  |c SNK  |e AACR2 
044 |a au  |c AT 
080 |a 264:282  |2 1981 
110 2 |a Katolícka cirkev  |4 aut  |9 206702 
245 1 |a Missale Romanum ex decreto sacrosancti concilii Tridentini restitutum, s. Pii V. pontificis maximi jussu editum Clementis VIII. et Urbani VIII. auctoritate recognitum 
260 |a Vienna  |b [Typ. Mechitharistica]  |c 1862  |e Vienna  |f Typ. Mechitharistica 
300 |a 694 s. s rozličným stránkovaním  |c 36 cm 
610 2 7 |a Rímskokatolícka cirkev  |2 SNKKA  |9 32394 
650 0 7 |a liturgia  |2 SNKPH  |9 1990 
650 0 7 |a misály rímsko-katolícke  |2 SNK  |9 289714 
999 |c 545152  |d 547082 
952 |t P60, <04>, [BOOK], {604}  |a SNK  |b SNK  |y VYP  |7 0  |p 17A0122908  |o snkIA 894  |i snkK 528/98  |0 0  |1 0  |4 0  |d 1998-02-18  |l 0  |r 2005-01-02 00:00:00  |w 2026-02-23